Estadísticas para Países que comienzan con P

Haz click aquí para intentar la prueba.

Estadísticas generales

  • Esta prueba ha sido intentada 36.221 veces
  • La puntuación promedio es 6 de 9

Estadísticas de respuestas

País% Correcto
Panamá
88%
Polonia
84%
Perú
80%
Portugal
79%
Pakistán
74%
Paraguay
70%
Palaos
64%
Papua Nueva Guinea
52%
Países Bajos
35%

Distribución de puntuación

Porcentaje por número respondido

Porcentaje de gente con cada puntuación

Historial de tus puntuaciones

No has intentado esta prueba.